000
00198 a2200097 4500
001
23142
100
_a
Zakariya, M
245
_a
Virtues of Salat
260
_a
_b
Malik
_c
1966
090
_c
15682
_d
15682
942
_a
NUST-CAE
_c
M
_c
6316
999
_c
258215
_d
258215